| 000 | 00991nam a2200193 i 4500 | ||
|---|---|---|---|
| 001 | 167567 | ||
| 003 | ES-MaACL | ||
| 005 | 20230906213543.0 | ||
| 008 | 990628s1834 sp |||| | spa d | ||
| 100 | 1 |
_aVillanova y Jordan, Jacobo. _9133744 |
|
| 245 | 1 | 0 |
_aCárceles y presidios _b: aplicación de la panóptica de Jeremías Bentham a las cárceles y casas de corrección de España, o medio de mejorarlas, y de suprimir la pena de presidio con el establecimiento de casas construidas bajo el principio de inspección central / _cpor Jacobo Villanova y Jordán. |
| 260 |
_aMadrid : _b[s.n.], _c1834 ( _fImp. de D. Tomás Jordán) |
||
| 300 |
_a191 p. ; _c18 cm. |
||
| 530 | _aDisponible en formato digital. | ||
| 600 | 1 | 4 |
_aBentham, Jeremy. _927787 |
| 650 | 4 |
_aEstablecimientos penitenciarios- _zEspaña. _9145832 |
|
| 852 |
_aES-MaACL _jD-294 _z- Enc. pasta española _z.- Donativo Lastres |
||
| 856 |
_uhttp://bdh-rd.bne.es/viewer.vm?id=0000163854&page=1 _zBiblioteca Digital Hispánica |
||
| 999 |
_c167567 _d167567 |
||